| 000 | 00644nam a2200169 a 4500 | ||
|---|---|---|---|
| 008 | 120416s1981 ||||||||||||||||| || u | ||
| 050 | _aHG 3852 Exc | ||
| 100 | _aWilliamson, John | ||
| 245 | 1 | 0 |
_aExchange rate rules _cedited by John Williamsom |
| 246 | _athe theory, perfomance andprospects of the Crowling peg | ||
| 260 |
_aLondon _bMacMillan Press _c1981 |
||
| 300 | _axxi, 410p. : ill. | ||
| 350 | _a0.00 | ||
| 650 | 0 | _aFINANCE--DEVELOPING COUNTRIES | |
| 650 | _aEXCHANGE RATE | ||
| 995 |
_D0.00 _FCBU-MAIN LIBRARY (Kitwe) _H1 _I29.00 _M1 _UAVAILABLE _ZMain Library Open Access Collection |
||
| 999 |
_c42826 _d42826 |
||